| 000 | 00662nam a22001937a 4500 | ||
|---|---|---|---|
| 999 |
_c181969 _d181969 |
||
| 005 | 20221018155804.0 | ||
| 020 |
_c950.00 _a9789389991505 |
||
| 035 | _aB-746022 | ||
| 037 | _bLexisNexis | ||
| 082 | _a000 | ||
| 100 | _aArora, Manish | ||
| 245 |
_aUniversal's guide to CLAT & LL.B.: _cby Manish Arora _bentrance examination 2021/ |
||
| 250 | _a31st ed. | ||
| 260 |
_aGurgaon _bLexis Nexis _c2021 |
||
| 270 |
_a14th Floor, Building No-10, Tower-B, DLF Cyber City, Phase-II _bGurgaon _e122002 |
||
| 300 |
_axii, 1197p.: _c24cm(pbk) _bill. |
||
| 942 |
_2ddc _cEN _mARO _h000 |
||